Blitz: Countries With 'S' 'T' 'A' 'N' Quiz Stats

 Plays Quiz not verified by Sporcle

Support Sporcle.
Go Orange.
Score 0/18 Timer 02:00
0 Plays Today
Countries With S, T, A, & N Countries % Correct
Countries With STANPakistan
92.5%
Countries With STANAfghanistan
91%
Countries With STANUzbekistan
87.5%
Countries With STANTurkmenistan
87.3%
Countries With STANKazakhstan
86.8%
Countries With STANTajikistan
80.3%
Countries With STANKyrgyzstan
78.2%
Countries With STANUnited States of America
65.6%
Countries With STANUnited Arab Emirates
38.5%
Countries With S, T, A, & N Countries % Correct
Countries With STANSaint Kitts and Nevis
35.8%
Countries With STANSaint Vincent and the Grenadines
31.7%
Countries With STANSaint Lucia
24.3%
Countries With STANSwitzerland
20.9%
Countries With STANSao Tome and Principe
20.6%
Countries With STANNetherlands
19%
Countries With STANEstonia
14.6%
Countries With STANTunisia
12.2%
Countries With STANBotswana
10.5%

You're not logged in!

Compare scores with friends on all Sporcle quizzes.
OR
Log In

From the Vault

'W' Movie Characters

by druhutch

If we flipped these people upside down, would they become 'M' movie characters?
Remove Ads.
Support Sporcle.
Get the best of Sporcle when you Go Orange. This ad-free experience offers more features, more stats, and more fun while also helping to support Sporcle. Thank you for becoming a member.

Show Comments

Extras

Created Mar 10, 2011ReportNominate
Tags:Country Quiz, geo, name, stan

Top Quizzes Today


Score Distribution

Your Account Isn't Verified!

In order to create a playlist on Sporcle, you need to verify the email address you used during registration. Go to your Sporcle Settings to finish the process.

Report this User

Report this user for behavior that violates our Community Guidelines.

Details: